000 01159nam a2200361Ia 4500
003 GCL
008 140319s9999 xx 000 0 ara d
020 _a504855161
040 _aGCL /
_cGCL
082 0 4 _a923.2
_bا و
100 1 _aتركى الحمد
245 1 0 _aويبقى التاريخ مفتوحا :
_bابرز عشرين شخصية سياسية فى القرن العشرين /
_cتركى الحمد
250 _aالثالثة
260 _aبيروت :
_bدار الساقى ،
_c2006
300 _a157 ص ؛
_c24 سم
650 0 4 _aونستون تشرشل
650 0 4 _aهتلر
650 0 4 _aاية الله الخمينى
650 0 4 _aلينين
650 0 4 _aنيلسون مانديلا
650 0 4 _aغاندى
650 0 4 _aالسياسيون - تراجم
650 0 4 _aجورباتشوف
650 0 4 _aفرانكلين روزفلت
650 0 4 _aجمال عبدالناصر
650 0 4 _aبن جوريون
650 0 4 _aجوزيف ستالين
650 0 4 _aنهرو
650 0 4 _aعبدالعزيز آل سعود
650 0 4 _aمحمد على جناح
650 0 4 _aماو زيدونج
942 _2ddc
_cBK
999 _c9926
_d9926